000 00648nam a2200277Ia 4500
005 20260324150019.0
008 008 260324s9999 xx 000 0 eng d
020 _a9780203788677
037 _aEBOOK
040 _aCRL
040 _beng
040 _cCRL
041 _2eng
041 _aeng
084 _qCRL
100 _aR. G. D. Allen
_91224967
245 0 _aIndex Numbers in Economic Theory and Practice
260 _bTaylor and Francis
260 _c1975
365 _a
365 _b230
856 _uhttp://www.taylorfrancis.com/books/9780203788677
942 _cEBOOK
999 _c1833711
_d1833711